000 00455nam a2200181Ia 4500
001 5092
005 20260306145843.0
008 260306t2010||||xx |||||||||||||| ||spa||
041 _aESP
082 _a332.678
_bV31
100 _aVarela Villegas, Rodrigo
_eAUT
245 0 _aEvaluación económica de proyectos de inversión
260 _c2010
300 _axiv, 489 páginas :
_c27 cm.
650 _aGEN
654 _aCAN
942 _cLIB
_dJUS
_fJUS
_2ddc
_n
999 _c5092
_d5092